Peter Kogler / (Record no. 1352)

MARC details
000 -LEADER
campo de control de longitud fija 01239nam a22002537a 4500
008 - DATOS DE LONGITUD FIJA--INFORMACIÓN GENERAL
campo de control de longitud fija 171104s2004 gw||||| |||| 00| 0 ger d
020 ## - NÚMERO INTERNACIONAL ESTÁNDAR DEL LIBRO
Número Internacional Estándar del Libro 3775714227
082 04 - NÚMERO DE LA CLASIFICACIÓN DECIMAL DEWEY
Número de clasificación 709.2
Número de ítem B493p
100 1# - ENTRADA PRINCIPAL--NOMBRE DE PERSONA
Nombre de persona Berg, Stephan.
9 (RLIN) 6088
245 ## - MENCIÓN DEL TÍTULO
Título Peter Kogler /
Mención de responsabilidad, etc. edición por Stephan Berg.
250 ## - MENCION DE EDICION
Mención de edición 1a edición.
260 ## - PUBLICACIÓN, DISTRIBUCIÓN, ETC.
Lugar de publicación, distribución, etc. Alemania :
Nombre del editor, distribuidor, etc. Hatje Cantz,
Fecha de publicación, distribución, etc. 2004.
300 ## - DESCRIPCIÓN FÍSICA
Extensión 188 páginas :
Otras características físicas ilustraciones en color.
500 ## - NOTA GENERAL
Nota general Catálogo publicado con motivo a la exposición itinerante "Peter Kogler", presentada en: -Kunstverein Hannover, del 24 de mayo al 20 de junio -Galerie im Taxispalais, del 11 del julio al 7 de noviembre de 2004 -Centre Régional d'Art Contemporain Languedoc-Roussillon, del 15 de mayo al 26 de junio de 2005.
505 0# - NOTA DE CONTENIDO CON FORMATO
Título Zwischen entköperung und verköperung / Between disembodiment and embodiment
Mención de responsabilidad Stephan Berg.
Título Form follows fear follows fun
Mención de responsabilidad Silvia Eiblmayr.
Título Das unendliche undsoweiter / The unending etcetera
Mención de responsabilidad Boris Groys.
653 10 - TÉRMINO DE INDIZACIÓN--NO CONTROLADO
Término no controlado Arte contemporáneo
653 10 - TÉRMINO DE INDIZACIÓN--NO CONTROLADO
Término no controlado Catálogo de exhibición
653 10 - TÉRMINO DE INDIZACIÓN--NO CONTROLADO
Término no controlado Exhibiciones itinerantes
653 10 - TÉRMINO DE INDIZACIÓN--NO CONTROLADO
Término no controlado Biografías artísticas
653 10 - TÉRMINO DE INDIZACIÓN--NO CONTROLADO
Término no controlado Instalación
653 10 - TÉRMINO DE INDIZACIÓN--NO CONTROLADO
Término no controlado Espacios virtuales
653 10 - TÉRMINO DE INDIZACIÓN--NO CONTROLADO
Término no controlado Arte - Alemania
653 10 - TÉRMINO DE INDIZACIÓN--NO CONTROLADO
Término no controlado Arte de los nuevos medios
Holdings
Estatus retirado Estado de pérdida Fuente del sistema de clasificación o colocación Estado de daño No para préstamo Biblioteca de origen Biblioteca actual Ubicación en estantería Fecha de adquisición Total de préstamos Signatura topográfica completa Código de barras Visto por última vez Precio de reemplazo Tipo de ítem Koha
    Clasificación Decimal Dewey     Biblioteca LadoV Biblioteca LadoV   04/11/2017   709.2 B493p 000870 04/11/2017 04/11/2017 Material 01